000 01565nam a2200385 i 4500
001 192764
003 SpMaBN
005 20240307062951.0
008 230521s2019 sp a | ||||o000 0 spa
017 _aM 41856-2018
_bOficina Depósito Legal Madrid
020 _a9788481883817
035 _a(OCoLC)1099461517
040 _aSpMaBN
_bspa
_cES-MaACL
_erda
080 _a351.83/.84(460-32)
245 0 4 _aLos modelos sociales autonómicos en el contexto español /
_cManuel Hernández Pedreño, director de la investigación ; María Dolores Abellán Giménez ... [et al.]
250 _aPrimera edición, febrero de 2019
264 1 _aMadrid :
_bConsejo Económico y Social España,
_c2019
300 _a480 páginas :
_bgráficos (blanco y negro) ;
_c24 cm
336 _aTexto
_2rdacontent
337 _asin mediación
_2rdamedia
338 _avolumen
_2rdacarrier
490 1 _aEstudios (CES) ;
_v235
500 _aÍndice
504 _aBibliografía: páginas [451]-459
586 _aPremio de Investigación del Consejo Económico y Social, 2015
651 4 _aEspaña-
_xComunidades autónomas-
_xPolítica social
_2embne
_9193756
700 1 _aHernández Pedreño, Manuel
_epbd
_9193755
700 _aAbellán Giménez, María Dolores
_eaut
_9193757
710 2 _93208
_aConsejo Económico y Social (España)
_eedt
830 _aEstudios (CES) ;
_v235
_9235475
852 _aEs-MaACL
_bR.153271
_cDEPOJ
_hDonación: Editorial
_jN-8398
_9200063
942 _cMONOGRAFIA
_n0
999 _c192764
_d192764